Statistics for French Animals

Click here to take the quiz!

General Stats

  • This quiz has been taken 23 times
    (20 since last reset)
  • The average score is 14 of 19

Answer Stats

HintAnswer% Correct
GoatChèvre
88%
ChickenPoule
88%
HorseCheval
82%
SnailEscargot
82%
RabbitLapin
82%
FishPoisson
82%
CowVache
82%
BeeAbeille
76%
DuckCanard
76%
PigCochon
76%
SnakeSerpent
76%
LambAgneau
71%
FrogGrenouille
71%
OwlHibou
71%
WolfLoup
71%
SheepMouton
71%
MouseSouris
71%
SwanCygne
65%
WhaleBaleine
53%

Score Distribution

Percentile by Number Answered

Percent of People with Each Score

Your Score History

You have not taken this quiz since the last reset